000 003160000a22001450004500
003 MACL
040 _aMACL
090 _c32575
_d32573
100 _aKumar, Sajit
245 _aPublic Administration
260 _bTrueman Book co.
_c2003
350 _a200
650 _aPublic Administration
942 _cBOOK
_k351/Tru
999 _c32242
_d32242